000 00385nam a22001697a 4500
003 UA-OsUOA
001 2100
007 ta
008 20050721b un ||||| |||| 00| 0 ukr d
100 _aJackson
700 _aRobert B.
942 _cBK
040 _aUA-OsUOA
_cUA-OsUOA
_dUA-OsUOA
245 _aRobert B. Jackson's big book of old cars.
_bReference
955 _a2
650 7 _2UDC
999 _c288262
_d288262